000 00827nam a22002417a 4500
999 _c6549
_d6549
003 AR-CdUCM
008 190318b ||||| |||| 00| 0 spa d
040 _aMUNICIPALIDAD PROVINCIAL DEL CUSCO
_cBIBLIOTECA MUNICIPAL DEL CUSCO
082 _a030 /
_bSP74
245 _aDiccionario Enciclopédico Compendiado /
260 _aBarcelona :
_bSpes ;
_c1958.
300 _a1261 páginas ;
_bFotografías, mapas, ilustraciones
_c26cm
_eMapas, banderas
500 _aTomo 2: para taller hojas saliendose del libro
505 _aContenido: t.1: A-Esp -- t.2: Esp - O -- t.3: P-Z
650 _aLiteratura
_983
650 _aArtes
_914491
650 _aCiencias
_98174
650 _aGeografía
_9318
650 _aHistoria
_9246
710 _aPublicaciones y Ediciones Spes, S. A.
_918485
942 _2ddc
_cLIBROS
945 _anom